00892naa a22002297a 4500001001000000003000900010005001700019007000300036008003400039040005400073041000900127072000800136100001700144111006900161245003200230500013200262773010100394650002200495650002500517650002100542490009900563BR9402071BR-BrBNA20250721155440.0ta250630b bl.|||m| |||| 00| 0 por d aBR-BrBNAbporcBiblioteca Nacional de Agricultura a(Pt) aK101 aThibau, C.E.1 a1. Simposio do Tropico UmidocBelem, PA (Brazil)d12-17 Nov 19841 aManejo da floresta tropical a1. Simposio do Tropico Umido. Anais. Vol. 2 Belem, PA (Brasil): 1986. p. 237-244 [Summaries (En, Pt); 11 ref.] (BR9402071-AMS) 0 t1. Simposio do Tropico Umido. Anais. Vol. 2wK10 BR9402071gBelem, PA (Brasil), 1986. p. 237-244 aFloresta Tropical aExploracao Florestal aRegiao Amazonica aDocumentos - Centro de Pesquisa Agropecuaria do Tropico Umido (Brazil)vno. 36xISSN 0101-2835